000 00409nam a2200169Ia 4500
003 GCL
008 140319s9999 xx 000 0 eng d
040 _aGCL /
_cGCL
082 0 4 _a690
_bS B
100 1 _aSEELEY, IVOR H.
245 1 0 _aBUILDING TECHNOLOGY /
_cSEELEY, IVOR H.
260 _a[S.N] :
_bMACMILIAN ،
_c1995
300 _a335 P
650 0 4 _aTECHNOLOGY
650 0 4 _aBUILDING
942 _2ddc
_cBK
999 _c23697
_d23697